Synonyme für Geld - Statistiken

Allgemein
  • Dieses Quiz wurde 780 mal gespielt
  • Das Durchschnittsergebnis liegt bei 4 aus 14
Antwortstatistiken
Antworten % Korrekt
Kohle
76%
Moneten
76%
Knete
56%
Zaster
49%
Mäuse
47%
Asche
33%
Kröten
27%
Kies
22%
Schotter
19%
Moos
14%
Flocken
8%
Piepen
8%
Heu
5%
Mammon
2%
Keine übereinstimmenden Quizze gefunden
Verteilung der Resultate
Anzahl Personen mit jedem Resultat
Perzentil nach korrekt beantworteten Fragen
Ihre Resultats-Entwicklung
Sie haben dieses Quiz noch nicht gespielt